[Event "5th Nebesna Sotnya Rapid 2018"]
[Site "Lutsk"]
[Date "2018.02.17"]
[Round "5"]
[White "Grekh, Andrey"]
[Black "Budnikov, Oleg"]
[Result "0-1"]
[WhiteElo "2352"]
[BlackElo "2422"]
[Annotator "TA"]
[PlyCount "150"]
[EventDate "2018.??.??"]
[EventType "swiss"]
[EventCountry "UKR"]
[SourceTitle "playchess.com"]
[Source "ChessBase"]
[SourceQuality "1"]

{[%evp 11,150,15,32,-7,0,0,4,0,0,-14,0,-39,-17,-33,-35,-40,-45,-75,-67,-85,-79,-85,-85,-87,-89,-94,-87,-85,-48,-54,-42,-91,-83,-152,-151,-215,-223,-267,-273,-370,-382,-395,-382,-393,-376,-372,-364,-513,-529,-516,-516,-528,-531,-531,-528,-675,-680,-666,-280,-678,-646,-639,-651,-639,-623,-659,-658,-756,-386,-390,-387,-372,-356,-350,-276,-279,-169,-155,-149,-157,-158,-140,-139,-156,-156,-152,-148,-142,-158,-300,-184,-310,-286,-293,-222,-324,-326,-320,-99,-253,-253,-262,-262,-375,-174,-179,-18,-58,-56,-36,-8,-6,0,0,0,0,23,22,54,20,40,33,27,8,27,26,43,8,13,0,23,8,39,0,35,8,8,8,8,0,3]} 1. Nf3 Nf6 2. g3 g6 3. Bg2 Bg7 4. O-O O-O 5. d4 d6 6. c3 Nc6 {LiveBook: 22 Games. A49: 1 d4 Nf6 2 Nf3 g6 3 g3: Anti-King's Indian systems} 7. Bg5 (7. Nbd2 e5 8. dxe5 dxe5 9. e4 Qe7 10. Nc4 Rd8 11. Qe2 b6 12. a4 a5 13. b3 Ba6 14. Ba3 Qe8 15. Rfd1 Bf8 16. Bxf8 Qxf8 17. Bf1 Qc5 {0-1 (32) Harikrishna,P (2763)-Nakamura,H (2787) chess.com INT 2016}) 7... h6 8. Bxf6 Bxf6 9. Nbd2 e5 10. dxe5 dxe5 11. Ne4 Be7 $146 ({Predecessor:} 11... Bg7 12. Qxd8 Nxd8 13. Nc5 b6 14. Nb3 {½-½ (57) Frank,J (2021)-Waldmann,I (2239) Hungary 2008}) 12. Qc1 Kg7 13. Rd1 Qe8 14. c4 f5 15. Nc3 e4 16. Ne1 Ne5 17. Nd5 Bd8 $1 18. f4 Nd7 19. Ne3 Nf6 20. Qc3 c6 21. b4 Kh7 22. Rab1 (22. N3c2 $142) 22... g5 $1 $17 23. N1c2 (23. fxg5 $17 {was worth a try.} hxg5 24. Bh3) 23... gxf4 $19 24. gxf4 Bc7 25. Rf1 Nh5 26. Qe1 Nxf4 27. Qh4 Ng6 28. Qh5 {[%cal Re3f5]} Qe5 29. Rbd1 (29. Kh1 $142) 29... Nf4 30. Rxf4 Qxf4 31. Rf1 Qe5 32. Ng4 Qg7 33. Nge3 f4 34. Kh1 Qe5 (34... fxe3 $142 35. Bxe4+ Kh8) 35. Qh4 $2 (35. Qxe5 Bxe5 36. Bxe4+ Kh8 37. Ng2) 35... Bd8 36. Ng4 Qe6 37. Qh5 Rf5 ({Less strong is} 37... Qxg4 38. Bxe4+ Bf5 39. Qxg4 $17) 38. Qh3 {With the idea Nd4.} Rg5 39. Nf2 Qxh3 40. Nxh3 Bxh3 41. Bxh3 Bc7 42. Nd4 Rag8 43. Bf5+ Kh8 44. Bxe4 a5 45. a3 axb4 46. axb4 Re5 47. Bf3 Rd8 48. Nb3 Bb6 49. c5 Bc7 50. b5 (50. Nc1 $17) 50... Re3 51. Rb1 (51. bxc6 $142 Rxb3 52. cxb7) 51... cxb5 52. Kg2 Rg8+ 53. Kf2 (53. Kh3 {was called for.}) 53... Bd8 54. Nd4 Bh4+ 55. Kf1 {[#]} Re5 $1 {[%cal Re5g5]} 56. Rxb5 {[#]} Reg5 $1 {[%csl Gg8][%cal Rg5g1]} 57. e4 (57. e3 {is the only way for White.} Rg1+ 58. Ke2) 57... fxe3 (57... Rg1+ $142 58. Ke2 Re1+ 59. Kd3 Rd8) 58. Ke2 Rc8 $2 ({Black should play} 58... Re5 $19 59. Rb6 Be7 60. Bxb7 Bxc5 61. Rxh6+ Kg7) 59. Ne6 Re5 60. Nf4 $1 {[%cal Rf4g6] Ng6+ is the strong threat.} Kg7 {Threatens to win with ...Rc7.} 61. Rxb7+ Kf6 62. Rb6+ Kf7 63. Ng6 Rexc5 64. Nxh4 Re5 65. Rb2 Rc3 66. Ng2 Kf6 67. Nf4 {And now Nd5+ would win.} Ra3 (67... Rc4 {looks sharper.} 68. Nd3 Re7 69. Nb4 Kg5 70. Kd3 Rf4) 68. Nd3 Re7 69. Rb6+ Kg7 70. Rb2 Ra4 71. h3 Ra3 72. Rb1 Kf6 73. Rb6+ Kg5 {The position is equal.} 74. Rb5+ Kh4 75. Ne5 {Black must now prevent Ng6+.} Kg3 {[%mdl 32768] Precision: White = 42%, Black = 48%. . Sensor Board Error (Ke4/e5)?} 0-1

[Event "5th Nebesna Sotnya Rapid 2018"]
[Site "Lutsk"]
[Date "2018.02.17"]
[Round "6"]
[White "Stupak, Kirill"]
[Black "Golubka, Petro"]
[Result "1/2-1/2"]
[WhiteElo "2559"]
[BlackElo "2422"]
[Annotator "TA"]
[PlyCount "162"]
[EventDate "2018.??.??"]
[EventType "swiss"]
[EventCountry "UKR"]
[SourceTitle "playchess.com"]
[Source "ChessBase"]
[SourceQuality "1"]

{[%evp 16,162,31,25,64,32,36,40,29,40,63,22,25,20,18,26,18,12,12,0,0,0,14,0,0,-5,16,16,16,22,33,19,39,45,55,59,115,80,187,128,104,37,179,178,161,141,137,136,130,122,122,133,145,124,140,96,96,96,96,96,96,96,96,72,72,72,72,72,72,72,72,72,231,231,231,231,231,231,231,231,231,231,231,212,231,231,231,212,231,212,231,231,231,212,231,212,231,212,231,186,186,186,186,20,186,0,186,0,186,186,186,186,186,186,186,186,186,186,186,186,186,186,186,151,151,141,186,186,212,212,212,212,231,231,231,231,231,231,231,0,231,231,231,212,231,186,186,186,186]} 1. d4 d5 2. Nf3 Nf6 3. g3 g6 4. Bg2 Bg7 5. O-O O-O 6. c4 c6 7. Qb3 dxc4 8. Qxc4 Be6 9. Qb4 {LiveBook: 11 Games. D78: Fianchetto Grünfeld: 6 0-0 c6} (9. Qa4 Nbd7 10. Nc3 Nb6 11. Qc2 Nfd5 12. Rd1 Nxc3 13. bxc3 Nc4 14. a4 Qa5 15. Rb1 Nb6 16. Ra1 c5 17. Ba3 Qxa4 {1-0 (48) Margvelashvili,G (2530)-Khachiyan,M (2522) chess.com INT 2018}) 9... b6 10. Nc3 Nd5 11. Qa4 {White is slightly better.} Nxc3 12. bxc3 Bd5 $146 ({Predecessor:} 12... b5 13. Qc2 f5 14. Ng5 Bd5 15. e4 fxe4 16. Bxe4 Qd6 {1-0 (39) Pavlik,P (1990)-Ochman,T (1938) Czechia 2006}) 13. Re1 Be4 14. Bh3 Bxf3 15. exf3 e6 16. f4 b5 17. Qc2 Nd7 18. a4 a6 19. Bg2 {[#] aiming for Ba3.} Qc7 20. Qe4 Rac8 21. axb5 axb5 22. Ra6 $36 {[%cal Ra6c6][%mdl 2048] White has some pressure.} c5 23. Be3 cxd4 24. cxd4 Rfd8 25. Qb1 $1 Nf8 (25... Nf6 $14) 26. Rd1 (26. Qxb5 $6 Bxd4 27. Bxd4 Rxd4 $11) 26... Nd7 (26... Qc2 $16) 27. Rc1 ({But not} 27. Qxb5 Nf6 $16) (27. d5 $18 Nf8 28. d6 (28. Qxb5 Qc2 $18)) 27... Qb8 $16 28. Ra8 (28. Rxc8 $16 Qxc8 29. Qxb5) 28... Qxa8 (28... Rxc1+ $14 29. Qxc1 Qb6) 29. Bxa8 $18 Rxa8 30. Qxb5 Nf6 31. Kg2 Nd5 32. Qd3 Ra2 33. Kf3 Rda8 34. Rc2 R2a4 35. Qb5 Bxd4 36. Bxd4 Rxd4 37. Qb7 Rda4 38. h4 h5 39. Rc8+ (39. Qb2 {looks sharper.} Rb4 40. Qe5 Rb1 41. Rc5 Rbb8 42. Rc6) 39... Rxc8 40. Qxc8+ $16 {[%mdl 4096] Endgame KQ-KRN} Kg7 41. Kg2 Rb4 42. Qc2 Kg8 43. Qd1 Nxf4+ $2 (43... Kg7 $16 {was called for.}) 44. gxf4 $18 Rxf4 $16 {KQ-KR} 45. Kg3 Rf5 46. Qd8+ Kh7 47. f3 Kg7 48. Kf2 Rd5 49. Qc7 Kg8 50. Ke3 Kg7 51. Ke4 Kg8 52. Qc3 Kf8 53. Qh8+ Ke7 54. Qb8 Kf6 55. Qg8 Rf5 56. Ke3 Re5+ 57. Kd4 {[#] Intending Qd8+ and mate.} Rd5+ 58. Kc4 Rf5 59. Kb4 $2 ({Resist} 59. Qd8+ Kg7 $18) (59. Qh8+ $18 Ke7 60. Qb8) 59... Rd5 $2 (59... Ke5 $1 $11) 60. Kc4 Rf5 $1 61. Kb4 Rd5 62. Qb8 Kg7 63. Kc4 Kf6 64. Qa8 Kg7 65. Qa1+ Kg8 66. Qf6 Kf8 67. Kc3 Kg8 68. Qe7 Kg7 69. Qe8 Rf5 70. Qa8 {Hoping for Qe4.} Rd5 71. Kc4 Rf5 72. Kd4 Rd5+ 73. Ke4 Rf5 74. Qa1+ Kg8 75. Qc1 Rd5 76. Qc8+ Kg7 77. Qc3+ $2 ({Better is} 77. f4 $18) 77... Kg8 $2 (77... Kf8 $11 {and Black is okay.} 78. Qb4+ Kg7 79. Qb2+ Kh7) 78. Qb2 {White is clearly better.} Rf5 79. Kd4 Rd5+ 80. Kc4 Rf5 81. Qb7 Rd5 {Precision: White = 54%, Black = 54%.} 1/2-1/2

[Event "5th Nebesna Sotnya Rapid 2018"]
[Site "Lutsk"]
[Date "2018.02.17"]
[Round "6"]
[White "Oleksienko, Mikhailo"]
[Black "Mikhaletz, Lubomir"]
[Result "1-0"]
[WhiteElo "2538"]
[BlackElo "2329"]
[Annotator "TA"]
[PlyCount "92"]
[EventDate "2018.??.??"]
[EventType "swiss"]
[EventCountry "UKR"]
[SourceTitle "playchess.com"]
[Source "ChessBase"]
[SourceQuality "1"]

{[%evp 16,92,25,22,49,38,43,30,49,41,44,30,48,48,56,15,38,0,0,0,42,17,54,61,99,99,107,96,111,106,111,0,43,39,45,52,52,0,0,0,39,35,90,0,0,0,34,-45,61,0,70,0,0,0,0,0,0,0,0,0,0,0,0,0,0,0,0,-43,-43,-43,0,0,0,0,0,0,12,0,0]} 1. e4 Nc6 2. Nf3 d6 3. d4 Nf6 4. Nc3 g6 5. d5 Nb8 6. h3 {B00: Queen's Fianchetto Defence, Nimzowitsch Defence} (6. Be2 Bg7 7. O-O O-O 8. Re1 c6 9. Bf4 b5 10. a3 a6 11. Qd2 Bb7 12. Rad1 Nbd7 13. dxc6 Bxc6 14. e5 dxe5 15. Nxe5 Nxe5 16. Bxe5 Qxd2 17. Rxd2 {½-½ (48) Anand,V (2782)-Carlsen,M (2837) Riadh 2017}) 6... Bg7 7. Be2 c6 8. a4 O-O 9. O-O {LiveBook: 17 Games} e6 10. dxe6 Bxe6 11. Ng5 $146 ({Predecessor:} 11. Nd4 Bc8 12. f4 d5 13. e5 Ne8 14. Nf3 a5 15. Be3 b6 16. g4 Nd7 {0-1 (60) Milic,S (2285)-Biljanic,L (2185) Ulcinj 1997}) 11... d5 12. e5 Nfd7 13. f4 Qe7 14. Nxe6 fxe6 15. Be3 (15. Bg4 {is more complex.} Na6 16. Ne2 g5 17. g3 Nc7 18. Be3) 15... Na6 16. Bxa6 bxa6 17. Qd3 $36 {[%mdl 2048] White is more active.} c5 18. Rad1 {[#] Hoping for Nxd5!} Kh8 19. Ne2 ({Much weaker is} 19. Qxa6 d4 $15) 19... Nb6 20. b3 ({Reject} 20. Qxa6 $6 Nc4 $11) 20... a5 21. Qb5 d4 22. Bd2 Nd5 23. c4 (23. Qxa5 $16 Rab8 24. Ng3) 23... Rfb8 24. Qxa5 Nb4 $1 {[%cal Rb4c6]} 25. Bxb4 $1 Rxb4 26. Nc1 (26. Ng3 $1 $14) 26... Bf8 $11 27. Rf3 Rab8 28. Rdd3 g5 {[#]} ({Black should play} 28... Bg7 $14) 29. Na2 (29. fxg5 $1 $16 {And now h4 would win.} Qxg5 30. Rd1) 29... R4b7 30. Qd2 Bg7 31. g3 (31. Nc1 $14) 31... Rf8 (31... gxf4 $15 32. gxf4 Bh6) 32. Nc1 (32. fxg5 $14 Bxe5 33. Qe2) 32... Rbb8 (32... gxf4 $11 33. gxf4 Bh6) 33. Ne2 (33. fxg5 $14 Bxe5 34. h4) 33... Rf7 34. fxg5 Bxe5 35. Rxf7 Qxf7 36. Nf4 Bxf4 37. Qxf4 Qxf4 38. gxf4 {[%mdl 4096] Endgame KR-KR} Kg7 39. Kg2 Kg6 40. Kf3 Kf5 41. h4 a5 42. h5 Rb7 43. g6 {The position is equal.} hxg6 44. hxg6 Rg7 45. Rd1 Rxg6 {White must now prevent ...Rh6.} 46. Re1 {Re5+ is the strong threat.} Rh6 {[%mdl 32768] Precision: White = 59%, Black = 44%. . Loss on Time!?} 1-0

[Event "5th Nebesna Sotnya Rapid 2018"]
[Site "Lutsk"]
[Date "2018.02.17"]
[Round "6"]
[White "Budnikov, Oleg"]
[Black "Alexikov, Alexander"]
[Result "1-0"]
[WhiteElo "2422"]
[BlackElo "2339"]
[Annotator "TA"]
[PlyCount "22"]
[EventDate "2018.??.??"]
[EventType "swiss"]
[EventCountry "UKR"]
[SourceTitle "playchess.com"]
[Source "ChessBase"]
[SourceQuality "1"]

{[%evp 18,22,14,16,60,27,57]} 1. d4 Nf6 2. c4 g6 3. Nc3 Bg7 4. e4 d6 5. Nf3 O-O 6. Be2 e5 7. O-O Na6 8. d5 Nc5 9. Qc2 a5 10. Be3 {LiveBook: 42 Games} h6 {E94: King's Indian: Classical: 6 Be2 e5 7 0-0: Various Black 7th moves} (10... Ng4 11. Bxc5 dxc5 12. h3 Nh6 13. Rad1 Bd7 14. Qd2 f6 15. Qe3 b6 16. Nb5 Nf7 17. Bd3 Bh6 18. Qe2 Nd6 19. a4 Rf7 20. Rfe1 {0-1 (53) Bunda,V (2299)-Rojicek,V (2399) Slovakia 2017}) 11. Nd2 Qe7 $146 ({Find the theoretical novelty and annotate with similar games:} 11... Kh7 12. h3 Ne8 13. a3 f5 14. Qd1 fxe4 15. Ndxe4 Nxe4 16. Nxe4 Nf6 17. Nc3 Bd7 18. b3 {1-0 (31) Tavenrath,R (785)-Vontina,M (787) LSS email 2013}) 1-0

[Event "5th Nebesna Sotnya Rapid 2018"]
[Site "Lutsk"]
[Date "2018.02.17"]
[Round "6"]
[White "Simantsev, Mikhail"]
[Black "Bortnyk, Mykola"]
[Result "0-1"]
[WhiteElo "2418"]
[BlackElo "2432"]
[Annotator "TA"]
[PlyCount "116"]
[EventDate "2018.??.??"]
[EventType "swiss"]
[EventCountry "UKR"]
[SourceTitle "playchess.com"]
[Source "ChessBase"]
[SourceQuality "1"]

{[%evp 12,116,22,15,20,25,27,17,32,9,7,12,10,-3,61,66,87,28,92,113,99,108,155,150,197,202,236,229,227,177,152,129,368,219,361,179,277,0,0,0,41,34,47,21,93,97,100,35,107,93,136,0,0,0,112,116,208,181,172,-2,-2,-2,-6,-39,-43,-72,-29,-127,-126,-154,-51,-103,-104,-104,-104,-104,-104,-104,-104,-106,-36,-36,0,-107,-107,-249,-246,-233,-236,-249,-242,-362,-213,-449,-428,-495,-562,-511,-554,-540,-547,-485,-498,-1129,-1129,-935,-841]} 1. d4 d5 2. c4 dxc4 3. Nf3 Nf6 4. e3 a6 5. Bxc4 e6 6. O-O b5 7. Be2 Bb7 {D26: Queen's Gambit Accepted: 4 e3 e6 5 Bxc5 c5 sidelines} 8. a4 b4 9. Nbd2 c5 {The position is equal.} 10. Nb3 Nbd7 11. Bd2 cxd4 12. Nfxd4 Ne4 $146 (12... e5 $11 13. Bf3 Bxf3 14. Nxf3 Be7) ({Predecessor:} 12... e5 13. Bf3 Bxf3 14. Nxf3 {0-1 (48) Socko,B (2584)-Gilevich,A (2394) Civitanova Marche 2016}) 13. Rc1 $36 {[%cal Ba1c1,Bc1c4,Bc4c6,Bc6b6][%mdl 2080] White has good play.} Bd5 14. Bc4 {With the idea Bxd5.} Bxc4 (14... Nc3 $1 $11 15. Rxc3 (15. bxc3 Bxc4 16. Re1 Bxb3 $11) 15... bxc3 16. Bxd5 exd5 17. Bxc3 Nf6) 15. Rxc4 $16 Nxd2 16. Qxd2 Nb6 17. Rc6 Be7 18. a5 Nd7 19. Qe2 Nb8 20. Rb6 O-O 21. Rd1 Qd5 $2 (21... Qc8 $16) 22. e4 (22. Nxe6 $142 Qxb3 23. Nxf8) 22... Qg5 (22... Qe5 {keeps fighting.} 23. Rb7 Bf6) 23. Nf3 (23. Rb7 $142) 23... Qh5 (23... Qf4 $142 24. Nfd4 Qc7) 24. Nfd4 $2 (24. Rb7 $1 $18) 24... Qxe2 $11 25. Nxe2 Ra7 (25... Rd8 {looks sharper.} 26. Rxd8+ Bxd8 27. Rxb4 Nc6 28. Rb7 Bxa5 29. Nxa5 Nxa5 30. Rb4 Nc6) 26. Ned4 Rd7 {And now ...e5 would win.} 27. Rc1 Rfd8 (27... Bf6 $11 28. Rxb4 Bg5) 28. g3 $16 g5 29. h3 (29. f4 $16) 29... Kg7 (29... Bf6 $14 30. Rxb4 Rxd4 31. Nxd4 Bxd4) 30. Kg2 Bf6 {[#]} 31. Nc6 (31. Nxe6+ $1 $16 {[%mdl 512]} fxe6 32. Nc5) 31... Nxc6 $11 32. Rcxc6 Rd3 (32... Bxb2 $11 33. Nc5 Ra7) 33. Rxb4 $16 Rd1 (33... R3d6 $16 {is a better defense.} 34. Rc2 Kg6) 34. Rb7 Kg6 35. Rc1 $2 (35. Rxa6 $18 {aiming for Rab6.} Rb1 36. Rc6) 35... Rxc1 $11 36. Nxc1 {[%mdl 4096] Endgame KRB-KRN} Rd2 37. Nb3 Rxb2 {Strongly threatening ...Bd4!} 38. Nc5 Ra2 39. Nb3 (39. Nxa6 $11 Rxa5 40. Nb8) 39... Bc3 $17 40. Rb6 {[#]} Ra3 (40... Be1 $1 $17 41. Rxa6 Rxf2+ 42. Kg1 Rb2) 41. Kf1 (41. f4 $1 $15) 41... h5 ({But not} 41... Bxa5 42. Rxa6 Rxb3 43. Rxa5 $15) 42. Kg2 g4 43. hxg4 hxg4 44. Kf1 Kf6 45. Ke2 Ra2+ (45... Ke5 $17 46. Rb7 Kxe4 47. Nc5+ Kd5 48. Nxa6 Rxa5 49. Nb4+ Bxb4 50. Rxb4 f5) 46. Kf1 $1 $15 Ra3 ({Black should play} 46... Ke5 $15 47. Rxa6 Ra3) 47. Ke2 $17 Ke5 48. f3 (48. Rb7 $17 {was called for.}) 48... gxf3+ $19 49. Kxf3 Bxa5 50. Rb7 Bc3 51. Kg4 (51. Ke3 {was worth a try.}) 51... Be1 (51... Kxe4 $142 {Hoping for ...Be1.} 52. Kh5 Be1) 52. Kh5 $2 (52. Kf3) 52... Kxe4 {Black is clearly winning.} 53. Nc5+ Kd5 54. Nd7 Kc6 55. Ra7 Bxg3 56. Nf6 Be5 57. Rxf7 (57. Ne4 $142 f5 58. Ng5) 57... Bxf6 58. Rxf6 Kd5 {Precision: White = 34%, Black = 45%.} 0-1

[Event "5th Nebesna Sotnya Rapid 2018"]
[Site "Lutsk"]
[Date "2018.02.17"]
[Round "6"]
[White "Mirzoev, Emil"]
[Black "Bogdanovich, Stanislav"]
[Result "1-0"]
[WhiteElo "2405"]
[BlackElo "2560"]
[Annotator "TA"]
[PlyCount "49"]
[EventDate "2018.??.??"]
[EventType "swiss"]
[EventCountry "UKR"]
[SourceTitle "playchess.com"]
[Source "ChessBase"]
[SourceQuality "1"]

{[%evp 10,49,10,3,26,22,25,18,43,45,75,73,95,97,82,101,106,97,101,109,102,86,104,117,404,400,500,498,465,441,458,446,557,575,584,583,576,570,1316,1112,1021,733]} 1. e4 e5 2. Bc4 Nf6 3. d3 Be7 4. Nc3 O-O 5. f4 exf4 6. Bxf4 {LiveBook: 11 Games. C24: Bishop's Opening: 2...Nf6} Bb4 (6... c6 7. e5 Ne8 8. Qf3 d5 9. exd6 Nxd6 10. Bb3 Nd7 11. Nge2 Nc5 12. O-O Nxb3 13. axb3 {1-0 (22) Forcen Esteban,D (2367)-Delchev,A (2621) Zaragoza 2010}) 7. Nge2 d5 8. exd5 {White has an edge.} Bg4 {aiming for ...Re8.} 9. O-O Re8 $146 {Hoping for ...Bxc3.} ({Predecessor:} 9... Bxc3 10. bxc3 Nxd5 11. Qd2 Nb6 12. Bb3 {1-0 (29) Karadeniz,E (2240)-Karstens,B Vlissingen 1996}) 10. h3 Bxc3 11. hxg4 Bxb2 12. Rb1 $36 {[%mdl 2048] White is in control.} Be5 13. Bxe5 Rxe5 14. Ng3 ({Reject} 14. Rxb7 Nxg4 15. Qd2 Ne3 $14) 14... Nbd7 15. Rxb7 Nb6 16. Qf3 c6 $2 {[%mdl 8192]} (16... Nxc4 $16 {was called for.} 17. dxc4 Rb8 18. Rxb8 (18. Rxa7 Qe7 $16) 18... Qxb8) 17. Qf4 $18 Rxd5 18. Bxd5 {White is clearly winning.} Nbxd5 19. Qf2 h6 20. Ne4 Qc8 {[#]} 21. Rxf7 $1 {[%mdl 512]} Qxg4 (21... Kxf7 22. Nd6+) 22. Rxf6 gxf6 {[#]} 23. Qxf6 $1 {[%mdl 512]} Kh7 (23... Nxf6 24. Nxf6+) 24. Qxc6 Rd8 25. Qxd5 {Precision: White = 91%, Black = 25%.} 1-0

[Event "5th Nebesna Sotnya Rapid 2018"]
[Site "Lutsk"]
[Date "2018.02.17"]
[Round "6"]
[White "Polyakov, Maxim"]
[Black "Bernadskiy, Vitaliy"]
[Result "0-1"]
[WhiteElo "2336"]
[BlackElo "2588"]
[Annotator "TA"]
[PlyCount "120"]
[EventDate "2018.??.??"]
[EventType "swiss"]
[EventCountry "UKR"]
[SourceTitle "playchess.com"]
[Source "ChessBase"]
[SourceQuality "1"]

{[%evp 18,120,29,33,37,42,55,50,45,0,16,14,14,18,11,0,12,11,20,14,6,0,0,0,0,0,20,8,29,-7,-3,-3,-7,-62,-56,-49,-39,-88,-95,-99,-102,-96,-74,-78,-88,-75,-75,-70,-88,-93,-93,-84,-54,-39,-10,-56,0,0,0,0,0,0,0,-8,0,0,0,0,0,0,0,0,0,0,0,0,0,0,0,0,0,0,0,0,0,0,0,0,0,0,0,0,0,0,0,0,0,0,0,-29974,-29976,-29980,-29981,-29986,-8]} 1. Nf3 Nf6 2. d4 g6 3. Nc3 Bg7 4. e4 d6 5. Be2 O-O 6. O-O a6 7. a4 Nc6 8. h3 e6 9. Be3 b6 10. Qd2 {LiveBook: 8 Partien. B08: Pirc-Ufimzew-Verteidigung} Re8 11. Bh6 $146 ({Vorgänger:} 11. Rad1 Bb7 12. Bg5 Qc8 13. Rfe1 e5 14. dxe5 Nxe5 15. Qf4 Nfd7 16. Qh4 Nxf3+ 17. Bxf3 {0-1 (38) Lan,Z (2345)-Yu,Y (2750) China 2017}) 11... e5 12. Bxg7 {Weiß steht etwas besser.} Kxg7 13. dxe5 Nxe5 14. Nxe5 dxe5 15. Qxd8 Rxd8 16. Rad1 Bb7 17. f3 Rd4 18. Rxd4 exd4 19. Nb1 Nh5 20. Rd1 Nf4 21. Bf1 c5 {[%cal Bc7c5,Bc5c4][%mdl 32]} 22. Nd2 Bc6 23. a5 b5 24. Nb3 Ne6 25. c3 (25. Kf2 $11) 25... Rd8 $36 {[%mdl 2048] Schwarz hat Initiative.} 26. cxd4 c4 ({Nicht} 26... Nxd4 27. Kf2 $16) 27. Na1 Rxd4 28. Rxd4 Nxd4 $17 {[%mdl 4096] Endspiel KLS-KLS} 29. Kf2 Bb7 30. Ke3 Nc6 31. b3 Nxa5 32. bxc4 Nxc4+ 33. Bxc4 bxc4 {KL-KS} 34. Kd4 Bc6 35. Nc2 $1 Bb5 36. Ne3 Kh6 (36... g5 $15) 37. h4 $11 Kg7 (37... Kh5 $5 38. g3 $8 g5 39. hxg5 Kxg5 $11) 38. g4 h6 39. f4 f6 40. e5 Kf7 41. exf6 Kxf6 42. f5 g5 43. Nd5+ Kf7 44. hxg5 hxg5 45. Ne3 c3 46. Kxc3 Be2 47. Kd4 a5 48. Kc3 Kf6 49. Kd4 Bf3 50. Nd5+ Kf7 51. Ne3 Ke7 52. Ke5 a4 {Und ...a3 würde nun gewinnen.} 53. Kd4 Kf6 (53... a3 $5 54. Kc3 $8 Kf6 $11) 54. Kc4 Ke5 55. Kb4 Bc6 56. Kc5 Be8 {...Kf4 ist eine echte Drohung.} 57. Nc4+ Kf4 58. Nd6 $2 {[%mdl 8192] [#]} (58. Kb4 $11) 58... a3 {Schwarz setzt Matt.} 59. f6 Bg6 60. Nb5 Ke5 $2 {[%mdl 32768] Precision: Weiß = 61%, Schwarz = 75%. . Sensor Board Error (Ke4/e5)?} (60... a2 {setzt Matt} 61. Kb6 a1=Q 62. f7 Bxf7 63. Nc7 Kxg4 64. Nb5 Qg1+ 65. Kb7 Bd5+ 66. Kc8 Qc5+ 67. Nc7 Be6+ 68. Kb7 Bd7 69. Ne8 Bxe8 70. Ka8 Bc6+ 71. Kb8 Qb6+ 72. Kc8 Qb7+ 73. Kd8 Qd7#) 0-1